Normal view
MARC view
- Jofre Barroso, Haydée M.
Entry Nombre Personal
001 - NUMERO DE CONTROL
- campo de control: 46423
003 - IDENTIFICADOR DE NUMERO DE CONTROL
- campo de control: UPN
005 - FECHA Y HORA DE LA ÜLTIMA TRANSACCIÓN
- campo de control: 20240325142251.0
008 - DATOS DE LONGITUD FIJA
- campo de control de longitud fija: 220915nn acannaabn n aaa d
040 ## - FUENTE DE CATALOGACIÓN
- Agencia original de catalogación: MX-MxUPN
- Lenguaje de catalogación: spa
- Agencia de transcripción: MX-MxUPN
100 1# - ENCABEZAMIENTO - NOMBRE PERSONAL
- Nombre personal: Jofre Barroso, Haydée M.
- Fechas asociadas con el nombre: 1916-2006
374 ## - OCUPACIÓN
- Occupation: Periodista
- Occupation: Traductora
377 ## - LENGUA ASOCIADA
- Language code: spa
400 1# - VEÁSE - NOMBRE DE PERSONA
- Personal name: Barroso, Jofre
670 ## - FUENTE EN LA QUE SE LOCALIZARON DATOS
- Cita de la fuente: Library of Congress, 16 de febrero de 2024 :
- Información localizada: (Jofré Barroso, Haydée M.)
- Uniform Resource Identifier: https://lccn.loc.gov/n86116330
670 ## - FUENTE EN LA QUE SE LOCALIZARON DATOS
- Cita de la fuente: Rebello, L. F. El teatro portugués, 1968:
- Información localizada: página legal (Jofre Barroso)
670 ## - FUENTE EN LA QUE SE LOCALIZARON DATOS
- Cita de la fuente: Biblioteca Nacional de México, 16 de febrero de 2024:
- Información localizada: (Jofré Barroso, Haydée (1916-2006))
- Uniform Resource Identifier: https://datos.bne.es/persona/XX1002319.html
902 ## - CATALOGADOR
- Catalogador: CAA/150922
- Catalogador: MaríaRobles/160224
